Hall of Fame - (all lyrics) - Statistics

General Stats
  • This quiz has been taken 110 times
  • The average score is 292 of 408
Answer Stats
Answer % Correct
you
100%
You
100%
a
97%
the
97%
Fame
96%
of
96%
Hall
95%
your
95%
be
93%
Be
93%
can
92%
go
92%
world,
89%
in
88%
know
86%
on
86%
name
85%
best,
82%
best
82%
gonna
82%
King
81%
And
79%
chest,
78%
chest
78%
greatest,
78%
beat
77%
do
77%
Do
77%
world's
75%
Yeah,
75%
yeah
75%
(yeah)
75%
Kong
74%
Kong
74%
Standing
73%
bangin'
71%
bangin
71%
for
66%
break
63%
it
63%
door,
60%
door
60%
hero,
60%
his
60%
to
60%
when
60%
rocks
56%
you're
56%
mountain,
55%
'Cause
53%
run
53%
with
53%
move
51%
walls
51%
war,
51%
war
51%
you'll
51%
You'll
51%
smile
49%
champions
48%
distance,
48%
god,
48%
God,
48%
mile
48%
clock
47%
teachers
47%
up,
45%
country,
44%
hell
44%
preachers,
44%
talk
42%
walk
42%
astronauts,
41%
hands
41%
luck
41%
people,
41%
believers,
40%
brightest
40%
flame
40%
through
40%
throw
40%
politicians,
38%
students,
38%
burn
37%
day
37%
leaders
37%
never
37%
straight
37%
all
36%
pride
34%
there's
34%
they
34%
if
33%
records
33%
try?
33%
even
32%
get
32%
gold
32%
win
32%
broke
30%
thought
26%
Breaking
25%
ever
23%
that
23%
will
23%
Are
21%
seekers
19%
truth
18%
would
18%
But
12%
call
11%
going
11%
Some
10%
some
10%
way
8%
history
7%
books
5%
either
5%
practice,
5%
(oh-oh)
1%
No matching quizzes found
Score Distribution
Percent of People with Each Score
Percentile by Number Answered
Your Score History
You have not taken this quiz